00662nam a2200217Ia 4500003000400000005001700004008004000021020001800061040000700079041000800086082001600094100002500110245003500135260003200170300001300202690003500215906001100250942001200261999001900273952015200292OSt20251009111954.0210210b2001 xxu||||| |||| 00| 0 eng d a9780099285694 cAL aeng a812.54 ALBW aEdward ALbee9241895 aWhos afraid of virginia woolf? aLondonbVintage Booksc2001 axii,128p aAmerican English Drama9241903 a069734 2ddccBK c119296d119296 00102ddc40708ENGaALbALd2021-02-17eBiblios Book Point, Surathkal-575014g840.55l0o812.54 ALBWp069734r2021-02-17 00:00:00w2021-02-17yBK